[Event "WY Boys-U14"]
[Site "Porto Carras GRE"]
[Date "2010.10.24"]
[Round "5.6"]
[White "Berbatov, Kiprian"]
[Black "Nasuta, Grzegorz"]
[Result "0-1"]
[WhiteTitle "IM"]
[WhiteElo "2461"]
[BlackElo "2130"]
[WhiteFideId "2910446"]
[BlackFideId "1141686"]
[EventDate "2010.10.20"]

1. e4 c5 2. Nf3 d6 3. d4 cxd4 4. Nxd4 Nf6 5. Nc3 e6 6. g4 h6 7. Bg2 Nc6 8. h3
Ne5 9. f4 Ng6 10. Qe2 Be7 11. h4 h5 12. g5 Ng4 13. Bf3 Bd7 14. Bd2 Qb6 15. Nb3
Nxh4 16. Bxg4 hxg4 17. Be3 Qa6 18. Qxg4 Ng6 19. Rxh8+ Nxh8 20. f5 O-O-O 21.
O-O-O Kb8 22. Qf3 Rc8 23. Rh1 exf5 24. exf5 Bc6 25. Qf1 Bxh1 26. Qxh1 Qc4 27.
Na5 Qb4 28. Qd5 Rc7 29. a3 Qh4 30. Kb1 Qe1+ 31. Nd1 Qe2 32. Qe4 Qxd1+ 33. Ka2
Qxc2 34. Qh1 Qxf5 35. Qxh8+ Rc8 0-1

[Event "WY Boys-U14"]
[Site "Porto Carras GRE"]
[Date "2010.10.24"]
[Round "5.7"]
[White "Palchun, Grigory"]
[Black "Shiven, Khosla"]
[Result "0-1"]
[WhiteElo "2181"]
[BlackElo "2354"]
[WhiteFideId "24147338"]
[BlackFideId "5026415"]
[EventDate "2010.10.20"]

1. e4 c5 2. Nc3 d6 3. g3 Nc6 4. Bg2 g6 5. d3 Bg7 6. f4 Rb8 7. Nf3 e6 8. O-O Nge7
9. Be3 O-O 10. Bf2 b5 11. d4 b4 12. Ne2 Ba6 13. Re1 Bxe2 14. Rxe2 cxd4 15. Nxd4
Nxd4 16. Bxd4 Bxd4+ 17. Qxd4 Qb6 18. Rd2 Rfc8 19. Qf2 Qxf2+ 20. Kxf2 Rb6 21. Ke2
f5 22. Rad1 fxe4 23. Rxd6 Rxd6 24. Rxd6 Nf5 25. Rd7 Rxc2+ 26. Rd2 Rc4 27. g4
Nd4+ 28. Kf2 Nc2 29. Bxe4 Rxe4 30. Rxc2 Rxf4+ 31. Kg3 Rf7 32. Rc8+ Kg7 33. Rb8
a5 34. Ra8 b3 35. Rxa5 bxa2 36. Rxa2 Rb7 37. Kf4 Rb4+ 38. Ke5 Rxg4 39. Kxe6 Rg2
40. h4 Rh2 41. Ra4 Rxb2 42. Ke5 Rh2 43. Rd4 Kh6 44. Kf6 Rf2+ 45. Ke5 Kh5 46. Rd7
h6 47. Rd1 Rf5+ 48. Ke6 Rf4 49. Rg1 Rg4 50. Rf1 Kxh4 51. Kf6 h5 0-1

[Event "WY Boys-U14"]
[Site "Porto Carras GRE"]
[Date "2010.10.24"]
[Round "5.10"]
[White "Akhmetov, Ayan"]
[Black "Georgiadis, Nico"]
[Result "0-1"]
[WhiteElo "2090"]
[BlackElo "2262"]
[WhiteFideId "13703706"]
[BlackFideId "1300113"]
[EventDate "2010.10.20"]

1. e4 c5 2. Nf3 g6 3. d4 cxd4 4. Nxd4 Nc6 5. Nc3 Bg7 6. Be3 Nf6 7. Be2 O-O 8.
Nb3 d6 9. O-O Be6 10. f4 Qc8 11. h3 Rd8 12. Bf3 Bc4 13. Rf2 e5 14. Rd2 exf4 15.
Bxf4 Ne5 16. Nd4 b5 17. Kh1 b4 18. Nd5 Nxd5 19. exd5 Re8 20. b3 Ba6 21. a3 Nxf3
22. Qxf3 Qc3 23. Rad1 Qxf3 24. gxf3 Bxd4 25. Rxd4 Be2 26. R1d2 Bxf3+ 27. Kh2
bxa3 28. Bxd6 a2 29. Ra4 Rad8 30. Bc5 Rxd5 31. Rxd5 Bxd5 32. c4 Re2+ 33. Kg3 Be6
34. Rxa7 g5 35. Bd4 h6 36. c5 Bxb3 37. Kf3 Re8 38. Bf6 Kh7 39. h4 gxh4 40. Kg4
Kg6 41. Ba1 Re1 42. Bb2 Be6+ 43. Kxh4 Re3 0-1

[Event "WY Boys-U14"]
[Site "Porto Carras GRE"]
[Date "2010.10.24"]
[Round "5.11"]
[White "Giroyan, Gary"]
[Black "Ivekovic, Bozidar"]
[Result "1/2-1/2"]
[WhiteElo "2244"]
[BlackElo "2089"]
[WhiteFideId "680281"]
[BlackFideId "14518848"]
[EventDate "2010.10.20"]

1. e4 e5 2. Nf3 Nc6 3. Bb5 a6 4. Ba4 Nf6 5. O-O b5 6. Bb3 Bc5 7. Re1 d6 8. c3
Bb6 9. d4 O-O 10. Be3 Bb7 11. Nbd2 Re8 12. Qb1 h6 13. h3 Qd7 14. a3 Rad8 15. d5
Ne7 16. Bxb6 cxb6 17. Nf1 Ng6 18. Qc1 Nf4 19. Qe3 N6h5 20. Nh4 Nf6 21. Qxb6 Bc8
22. Qe3 Qe7 23. Nf3 g5 24. N1d2 Kh8 1/2-1/2

[Event "WY Boys-U14"]
[Site "Porto Carras GRE"]
[Date "2010.10.24"]
[Round "5.12"]
[White "Cuellar, Diego"]
[Black "Javanbakht, Nima"]
[Result "1/2-1/2"]
[WhiteTitle "FM"]
[WhiteElo "2133"]
[BlackElo "2204"]
[WhiteFideId "3803830"]
[BlackFideId "12510670"]
[EventDate "2010.10.20"]

1. e4 c5 2. Nc3 Nc6 3. f4 g6 4. Nf3 Bg7 5. Bb5 Nd4 6. O-O a6 7. Bc4 b5 8. Bd5
Rb8 9. d3 e6 10. Bb3 Ne7 11. Nxd4 cxd4 12. Ne2 O-O 13. Qe1 d6 14. Qf2 Qb6 15.
Qh4 Rb7 16. f5 exf5 17. Bg5 Qc7 18. Ng3 Be6 19. exf5 Nxf5 20. Nxf5 Bxf5 21. Rae1
Be6 22. Bxe6 fxe6 23. Rxf8+ Bxf8 24. Qe4 e5 25. Rf1 Bg7 26. Qd5+ Kh8 27. h4 Ra7
28. Rf6 h6 29. Rf3 Qd7 30. Bf6 Rc7 31. Rf2 Kh7 32. h5 gxh5 33. Qe4+ Kg8 34. Qa8+
Kh7 35. Qe4+ Kg8 36. Qd5+ Kh7 37. Qe4+ Kg8 38. Qa8+ Kh7 39. Bxg7 Kxg7 40. Qf8+
Kh7 41. b4 h4 42. Kh1 Qe7 43. Qa8 Ra7 44. Qe4+ Kg7 45. Qg4+ Qg5 46. Qf3 Kh7 47.
Qe4+ Qg6 48. Qxh4 Rf7 49. Rxf7+ Qxf7 50. Qe4+ Kg7 51. Kg1 Qxa2 52. Qg4+ Kf6 53.
Qh4+ Kf7 54. Qxh6 Qb1+ 55. Kh2 Qxb4 56. Qh7+ Ke6 57. Qg6+ Kd7 58. Qf7+ 1/2-1/2

[Event "WY Boys-U14"]
[Site "Porto Carras GRE"]
[Date "2010.10.24"]
[Round "5.13"]
[White "Meng, Roger"]
[Black "Gagare, Shardul"]
[Result "1-0"]
[BlackTitle "FM"]
[WhiteElo "2085"]
[BlackElo "2194"]
[WhiteFideId "1000152"]
[BlackFideId "5037883"]
[EventDate "2010.10.20"]

1. e4 c5 2. Nc3 g6 3. f4 Bg7 4. Nf3 e6 5. e5 d5 6. d4 Bf8 7. Be3 cxd4 8. Nxd4 a6
9. Qd2 Ne7 10. O-O-O Nec6 11. Nce2 Nd7 12. g3 Qc7 13. Bg2 b5 14. Nxc6 Qxc6 15.
Nd4 Qc7 16. g4 Nb6 17. Qa5 Rb8 18. Nb3 Qc4 19. Qe1 Bd7 20. Qf2 Qc7 21. h4 Nc4
22. Bd4 a5 23. Nc5 Rc8 24. Nxd7 Qxd7 25. h5 Rg8 26. hxg6 hxg6 27. f5 gxf5 28.
gxf5 b4 29. Rh7 Bg7 30. Bh3 Rc7 31. Rg1 Qa4 32. Kb1 Na3+ 33. bxa3 bxa3 34. Rhxg7
Rxg7 35. Rxg7 Rc4 36. Rg8+ Kd7 37. fxe6+ Kc6 38. Rc8+ Kb7 39. Rxc4 Qxc4 40. exf7
Qb4+ 41. Kc1 Qf8 42. e6 Qh6+ 43. Qe3 Qf8 44. e7 Qxf7 45. e8=Q 1-0

[Event "WY Boys-U14"]
[Site "Porto Carras GRE"]
[Date "2010.10.24"]
[Round "5.15"]
[White "Lamard, Guillaume"]
[Black "Tomici, Stefan"]
[Result "1/2-1/2"]
[WhiteTitle "FM"]
[WhiteElo "2186"]
[BlackElo "2051"]
[WhiteFideId "600261"]
[BlackFideId "1218417"]
[EventDate "2010.10.20"]

1. d4 d5 2. Nf3 e6 3. c4 c5 4. cxd5 exd5 5. g3 Nc6 6. Bg2 Nf6 7. O-O Be7 8. Nc3
O-O 9. dxc5 Bxc5 10. Bg5 d4 11. Bxf6 Qxf6 12. Nd5 Qd8 13. Nd2 Be6 14. Nf4 Re8
15. Rc1 Bb6 16. Nb3 Qd6 17. Re1 Rad8 18. Nd3 Ne5 19. Nbc5 Nxd3 20. Nxd3 Bd5 21.
Bxd5 Qxd5 22. Qa4 h6 23. Qc4 Qf5 24. Qb3 Re7 25. Rc2 Rde8 26. Nf4 g5 27. Nd3 Ba5
28. Rc5 Qxc5 29. Nxc5 Bxe1 30. Nd3 Rxe2 31. Qa4 R8e6 32. Kf1 Bxf2 33. Nxf2 Rxb2
34. Qxd4 Rxa2 35. Qd8+ Kg7 36. Ng4 Ra4 37. Qd1 Rae4 38. Qf3 Re1+ 39. Kg2 R1e2+
40. Kf1 Re1+ 41. Kg2 R1e2+ 42. Kf1 1/2-1/2

[Event "WY Boys-U14"]
[Site "Porto Carras GRE"]
[Date "2010.10.24"]
[Round "5.16"]
[White "Rapport, Richard"]
[Black "Carow, Johannes"]
[Result "1-0"]
[WhiteTitle "GM"]
[WhiteElo "2523"]
[BlackElo "2079"]
[WhiteFideId "738590"]
[BlackFideId "24692050"]
[EventDate "2010.10.20"]

1. d4 Nf6 2. c4 c5 3. d5 b5 4. cxb5 a6 5. f3 axb5 6. e4 d6 7. Bxb5+ Bd7 8. Bc4
g6 9. Bd2 Bg7 10. Bc3 Na6 11. Nd2 Nc7 12. a4 e6 13. Ne2 exd5 14. Bxd5 Ncxd5 15.
exd5 O-O 16. Nc4 Bc8 17. a5 Ba6 18. b3 Bxc4 19. bxc4 Nd7 20. Bxg7 Kxg7 21. Qc2
Kg8 22. Qc3 Re8 23. Kf2 Ne5 24. Rhe1 Qh4+ 25. Ng3 Qxc4 26. Qxc4 Nxc4 27. Rxe8+
Rxe8 28. Ne4 Kg7 29. a6 Ra8 30. a7 Kf8 31. Ra6 Ke7 32. Ke2 f5 33. Nc3 Kd7 34.
Nb5 Kc8 35. Kd3 Kb7 36. Ra2 Ne5+ 37. Kc3 Nf7 38. Rb2 Kc8 39. f4 Kd7 40. Ra2 g5
41. g3 1-0

[Event "WY Boys-U14"]
[Site "Porto Carras GRE"]
[Date "2010.10.24"]
[Round "5.17"]
[White "Ebeling, Daniel"]
[Black "Tran, Tuan Minh"]
[Result "0-1"]
[BlackTitle "FM"]
[WhiteElo "2019"]
[BlackElo "2227"]
[WhiteFideId "505170"]
[BlackFideId "12401820"]
[EventDate "2010.10.20"]

1. e4 e6 2. d4 d5 3. e5 c5 4. c3 Qb6 5. Nf3 Bd7 6. a3 cxd4 7. cxd4 Bb5 8. Bxb5+
Qxb5 9. b4 Nd7 10. Nc3 Qa6 11. b5 Qb6 12. O-O Ne7 13. Rb1 Qd8 14. Na4 Nf5 15.
Bg5 Be7 16. Bxe7 Qxe7 17. Qd3 O-O 18. Rfc1 Rfc8 19. Rc3 Nb6 20. Nxb6 Rxc3 21.
Qxc3 axb6 22. Rc1 h6 23. h3 Rxa3 24. Qc8+ Kh7 25. Qc7 Ra1 26. Kh2 Rxc1 27. Qxc1
Qb4 28. Qc2 Qc4 29. Qb1 Kg8 30. Qb2 f6 31. g4 Ne7 32. exf6 gxf6 33. Qd2 Kg7 34.
Qe3 Qc7+ 35. Kg1 Qd6 36. h4 Ng6 37. Kg2 e5 38. h5 Nf4+ 39. Kg3 Nd3 40. Kg2 Nf4+
41. Kg3 Nd3 42. Kg2 e4 43. Nh4 Qf4 44. Nf5+ Kh7 45. Qxf4 Nxf4+ 46. Kf1 Ne6 47.
Ke2 Nc7 48. Ne7 Kg7 49. Ke3 Kf8 50. Nc8 Nxb5 51. Nxb6 Nc7 52. f3 exf3 53. Kxf3
Ke7 54. Ke3 Kd6 55. Kf4 Ke6 56. Ke3 Nb5 57. Na4 Nd6 58. Nc5+ Ke7 59. Nd3 b5 60.
Nb4 Ke6 61. Kf4 Ne8 62. Na6 Ke7 63. Kf3 Kd6 64. Kf4 Nc7 65. Nb4 Ke6 66. Kf3 f5
67. Kf4 fxg4 68. Kxg4 Ne8 69. Na6 Nf6+ 70. Kf3 Kf5 71. Ke3 Kg5 72. Kd3 Kxh5 73.
Kc3 Kg4 74. Nc7 h5 75. Nxb5 h4 76. Kd3 h3 77. Nc3 h2 78. Nd1 Kf3 0-1

[Event "WY Boys-U14"]
[Site "Porto Carras GRE"]
[Date "2010.10.24"]
[Round "6.1"]
[White "Bortnik, Alexandr"]
[Black "Laurusas, Tomas"]
[Result "0-1"]
[WhiteElo "2302"]
[BlackElo "2291"]
[WhiteFideId "14120828"]
[BlackFideId "12803731"]
[EventDate "2010.10.20"]

1. e4 c5 2. b4 cxb4 3. a3 e6 4. Nf3 Nf6 5. e5 Nd5 6. axb4 Bxb4 7. c3 Be7 8. d4
d6 9. c4 Nb4 10. exd6 Bxd6 11. Be2 N8c6 12. O-O O-O 13. Nc3 b6 14. Nb5 Be7 15.
Bf4 Bb7 16. Nc7 e5 17. Nxa8 exf4 18. Nxb6 axb6 19. Qd2 Na5 20. Rfb1 Bxf3 21.
Bxf3 Nbc6 22. Bxc6 Nxc6 23. d5 Bc5 24. Qxf4 Nd4 25. Kh1 g6 26. Rd1 Nf5 27. g3
Qd6 28. Qf3 Qe5 29. Rac1 Qb2 30. g4 Nd6 31. Kg2 f5 32. Rb1 Qa2 33. g5 Qxc4 34.
Qb3 Qg4+ 35. Qg3 Ne4 36. Qxg4 fxg4 37. Rb2 Nxf2 38. Rf1 Ne4 39. Rxf8+ Kxf8 40.
Ra2 Nxg5 41. Ra7 h5 42. Kg3 Bd6+ 43. Kg2 b5 44. Rd7 Nf7 45. h3 g3 46. h4 b4 47.
Kh3 Kg7 48. Ra7 Kf6 49. Rd7 g5 50. hxg5+ Nxg5+ 51. Kg2 Be5 52. Rb7 h4 0-1

[Event "WY Boys-U14"]
[Site "Porto Carras GRE"]
[Date "2010.10.24"]
[Round "6.3"]
[White "Shiven, Khosla"]
[Black "Sahoo, Utkal Ranjan"]
[Result "1-0"]
[WhiteElo "2354"]
[BlackElo "2213"]
[WhiteFideId "5026415"]
[BlackFideId "5034566"]
[EventDate "2010.10.20"]

1. e4 e6 2. d4 d5 3. Nd2 dxe4 4. Nxe4 Nd7 5. Bd3 Ngf6 6. Qe2 Nxe4 7. Bxe4 Nf6 8.
Bxb7 Bxb7 9. Qb5+ Nd7 10. Qxb7 c5 11. Nf3 cxd4 12. O-O Bc5 13. Bf4 Qc8 14. Qe4
O-O 15. Rad1 Nf6 16. Qe2 Qb7 17. Be5 Qxb2 18. Nxd4 Bxd4 19. Rxd4 Qxa2 20. Bxf6
gxf6 21. Qg4+ Kh8 22. Qh4 f5 23. Qf6+ Kg8 24. Rd3 f4 25. Qxf4 f6 26. Qg3+ Kh8
27. Rd7 Rg8 28. Qc7 1-0

[Event "WY Boys-U14"]
[Site "Porto Carras GRE"]
[Date "2010.10.24"]
[Round "6.4"]
[White "Ynojosa, Felix Jose"]
[Black "Drozdowski, Kacper"]
[Result "1/2-1/2"]
[BlackTitle "FM"]
[WhiteElo "2229"]
[BlackElo "2303"]
[WhiteFideId "3900258"]
[BlackFideId "1136720"]
[EventDate "2010.10.20"]

1. e4 c5 2. c3 d5 3. exd5 Qxd5 4. d4 Nc6 5. Nf3 Bg4 6. Be2 cxd4 7. cxd4 e6 8.
Nc3 Bb4 9. O-O Qa5 10. Ne4 Be7 11. h3 Bxf3 12. Bxf3 Rd8 13. Be3 Nf6 14. Qb3 Rd7
15. Nxf6+ Bxf6 16. Bxc6 bxc6 17. Rac1 Qb5 18. Qa3 Bxd4 19. Bxd4 Rxd4 20. Rfd1
Rxd1+ 21. Rxd1 c5 22. Rc1 O-O 23. Rxc5 Qe2 24. Qc3 h6 25. Rc8 Rxc8 26. Qxc8+ Kh7
27. Qc3 e5 28. a3 f5 29. b4 f4 30. Qc8 Qe1+ 31. Kh2 Qxf2 32. Qf5+ Kh8 33. Qf8+
Kh7 34. Qf5+ Kh8 35. Qf8+ Kh7 36. Qf5+ Kh8 1/2-1/2

[Event "WY Boys-U14"]
[Site "Porto Carras GRE"]
[Date "2010.10.24"]
[Round "6.5"]
[White "Santos Latasa, Jaime"]
[Black "Izzat, Kanan Azar oglu"]
[Result "1/2-1/2"]
[WhiteElo "2263"]
[BlackElo "2139"]
[WhiteFideId "2293307"]
[BlackFideId "13405209"]
[EventDate "2010.10.20"]

1. Nf3 Nf6 2. c4 g6 3. Nc3 d5 4. Qa4+ c6 5. cxd5 Nxd5 6. Qd4 Nf6 7. Qxd8+ Kxd8
8. e4 Bg7 9. d4 Nbd7 10. Ng5 Ke8 11. e5 Nd5 12. Nxd5 cxd5 13. e6 fxe6 14. Nxe6
Kf7 15. Nxg7 Kxg7 16. Be2 Nf6 17. Bf4 Bf5 18. f3 Rhc8 19. g4 Bd7 20. Kd2 Kf7 21.
Rac1 Bc6 22. Bd3 a6 23. b3 Bb5 24. Bb1 Bd7 25. Be5 Rxc1 26. Rxc1 Rc8 27. Rg1 a5
28. Rc1 Rxc1 29. Kxc1 a4 30. Bd3 axb3 31. axb3 h6 32. Kd2 g5 33. h3 Bc6 34. Bg3
Nd7 35. Ke3 Kf6 36. f4 Kf7 37. h4 gxh4 38. Bxh4 Nf6 39. g5 hxg5 40. fxg5 Ne4 41.
Kf4 Kg6 42. Be1 Kh5 43. Bb4 Nxg5 44. Bxe7 Ne4 45. b4 Ba4 46. b5 Nc3 47. b6 Ne4
48. Ke5 Bc6 49. Be2+ Kg6 50. Bg4 Kf7 51. Bd8 Ke8 52. Bc7 Nd2 53. Be2 Kd7 54.
Bg4+ Ke8 55. Kf4 Nc4 56. Bc8 Ke7 57. Kf3 Na5 58. Bf5 Bd7 59. Bd3 Nc4 60. Bxc4 1/2-1/2

[Event "WY Boys-U14"]
[Site "Porto Carras GRE"]
[Date "2010.10.24"]
[Round "6.8"]
[White "Wagner, Dennis"]
[Black "Rapport, Richard"]
[Result "0-1"]
[BlackTitle "GM"]
[WhiteElo "2166"]
[BlackElo "2523"]
[WhiteFideId "24650684"]
[BlackFideId "738590"]
[EventDate "2010.10.20"]

1. d4 e6 2. c4 c5 3. d5 exd5 4. cxd5 d6 5. Nc3 a6 6. a4 g6 7. g3 Bg7 8. Bg2 Nd7
9. Nf3 Ne7 10. O-O O-O 11. Nd2 Nf5 12. Nc4 Ne5 13. Ne3 Nxe3 14. Bxe3 Nc4 15. Bc1
Bd7 16. Qc2 b5 17. e4 Rb8 18. axb5 axb5 19. Nd1 Ra8 20. Rxa8 Qxa8 21. Ne3 Nxe3
22. Bxe3 Qa2 23. Bf4 Qxb2 24. Qxb2 Bxb2 25. Bxd6 c4 26. Bxf8 Kxf8 27. Bf3 Ke7
28. Rb1 Bd4 29. Kf1 Kd6 30. Bd1 Kc5 31. Ke2 b4 32. f3 Bb5 33. Kd2 Bg1 34. h3 Bh2
35. Ke3 Bxg3 36. f4 f6 37. Kf3 Bh2 38. Bc2 g5 39. e5 Bxf4 40. exf6 Bd6 41. Kg4
h6 42. Kh5 Bf8 43. Kg6 Bd7 44. Kf7 Bd6 45. Kg7 Bxh3 46. f7 Bg2 47. Kxh6 Bxd5 48.
Kg7 g4 49. f8=Q Bxf8+ 50. Kxf8 g3 51. Rg1 g2 52. Ke7 b3 53. Bd1 Be4 0-1

[Event "WY Boys-U14"]
[Site "Porto Carras GRE"]
[Date "2010.10.24"]
[Round "6.12"]
[White "Tran, Tuan Minh"]
[Black "Cuellar, Diego"]
[Result "1/2-1/2"]
[WhiteTitle "FM"]
[BlackTitle "FM"]
[WhiteElo "2227"]
[BlackElo "2133"]
[WhiteFideId "12401820"]
[BlackFideId "3803830"]
[EventDate "2010.10.20"]

1. d4 d5 2. Nf3 Nf6 3. c4 c6 4. e3 Bf5 5. cxd5 cxd5 6. Qb3 Qb6 7. Qxb6 axb6 8.
Nc3 Nc6 9. a3 e6 10. Bd2 Bd6 11. Nh4 Bc2 12. Rc1 Bb3 13. Bd3 Kd7 14. f4 Na5 15.
Nb5 Rhc8 16. Ke2 Ne4 17. Nf3 f6 18. Nxd6 Kxd6 19. Bb4+ Kd7 20. Bxa5 1/2-1/2

[Event "WY Boys-U14"]
[Site "Porto Carras GRE"]
[Date "2010.10.24"]
[Round "6.13"]
[White "Javanbakht, Nima"]
[Black "Pirverdiyev, Aqil Kamran oglu"]
[Result "1-0"]
[WhiteElo "2204"]
[BlackElo "2109"]
[WhiteFideId "12510670"]
[BlackFideId "13400568"]
[EventDate "2010.10.20"]

1. d4 Nf6 2. c4 e6 3. Nf3 b6 4. g3 Bb7 5. Bg2 Be7 6. O-O O-O 7. d5 exd5 8. Nh4
c6 9. cxd5 Nxd5 10. Nf5 Nc7 11. Re1 d5 12. e4 Bb4 13. Qd4 Qf6 14. Qxb4 c5 15.
Qd2 dxe4 16. Qg5 Qxg5 17. Bxg5 Ne6 18. Be3 Rd8 19. Nc3 g6 20. Nxe4 Kh8 21. Nfd6 1-0

[Event "WY Boys-U14"]
[Site "Porto Carras GRE"]
[Date "2010.10.24"]
[Round "6.14"]
[White "Ivekovic, Bozidar"]
[Black "Adelberg, David"]
[Result "0-1"]
[WhiteElo "2089"]
[BlackElo "2201"]
[WhiteFideId "14518848"]
[BlackFideId "2034778"]
[EventDate "2010.10.20"]

1. e4 c5 2. Nf3 d6 3. d4 cxd4 4. Nxd4 Nf6 5. Nc3 a6 6. Bg5 e6 7. f4 Be7 8. Qf3
Qc7 9. O-O-O Nbd7 10. g4 b5 11. Bxf6 Nxf6 12. g5 Nd7 13. Kb1 b4 14. Nce2 Nc5 15.
Bh3 O-O 16. Rhg1 Re8 17. f5 Bf8 18. Rdf1 e5 19. Nb3 Bb7 20. Nxc5 Qxc5 21. g6 f6
22. gxh7+ Kh8 23. Qb3 d5 24. Bg2 a5 25. exd5 Ba6 26. Qf3 a4 27. Qh5 a3 0-1

[Event "WY Boys-U14"]
[Site "Porto Carras GRE"]
[Date "2010.10.24"]
[Round "6.15"]
[White "Tomici, Stefan"]
[Black "Bluebaum, Matthias"]
[Result "0-1"]
[WhiteElo "2051"]
[BlackElo "2191"]
[WhiteFideId "1218417"]
[BlackFideId "24651516"]
[EventDate "2010.10.20"]

1. e4 e6 2. d4 d5 3. Nc3 Nf6 4. Bg5 Be7 5. e5 Nfd7 6. h4 O-O 7. Bd3 c5 8. Nh3 g6
9. f4 cxd4 10. Ne2 Nc6 11. O-O f6 12. exf6 Nxf6 13. Ng3 e5 14. fxe5 Nxe5 15. h5
Bxh3 16. gxh3 Nxh5 17. Bxe7 Qxe7 18. Nxh5 Qg5+ 19. Kh1 Nxd3 20. Qxd3 Qxh5 21.
Kg2 Qg5+ 22. Qg3 Qd2+ 23. Rf2 Rxf2+ 24. Qxf2 Qg5+ 25. Kh2 Qe5+ 26. Kg1 Rf8 27.
Qg2 Qe3+ 28. Kh1 Rf3 29. Qg4 Rxh3+ 30. Kg2 Rh5 31. Qc8+ Kg7 32. Qxb7+ Kh6 33.
Qb3 Rg5+ 34. Kh1 Qe4+ 35. Kh2 Qg2# 0-1

[Event "WY Boys-U14"]
[Site "Porto Carras GRE"]
[Date "2010.10.24"]
[Round "6.16"]
[White "Marques, Joao Paulo Cassemiro"]
[Black "Lamard, Guillaume"]
[Result "0-1"]
[BlackTitle "FM"]
[WhiteElo "1949"]
[BlackElo "2186"]
[WhiteFideId "2118688"]
[BlackFideId "600261"]
[EventDate "2010.10.20"]

1. f4 d5 2. Nf3 c5 3. g3 g6 4. Bg2 Bg7 5. d3 Nf6 6. O-O O-O 7. c3 Nc6 8. Na3 Bg4
9. h3 Bxf3 10. Bxf3 e5 11. e4 Re8 12. f5 gxf5 13. exf5 e4 14. dxe4 Nxe4 15. Bxe4
Rxe4 16. Qh5 Bf6 17. Bh6 Qe7 18. Nc2 d4 19. Rae1 Rd8 20. Rxe4 Qxe4 21. Bg5 Qe5
22. Bf4 Qd5 23. c4 Qd7 24. Bg5 Qd6 25. Rf4 Bxg5 26. Qxg5+ Kh8 27. Rg4 Qe5 28.
Qh6 Rg8 29. Rxg8+ Kxg8 30. Qg5+ Kh8 31. Kf2 Ne7 32. g4 f6 33. Qh4 d3 34. Ne3
Qf4+ 35. Kg2 Qxe3 36. Qxf6+ Kg8 37. Qd6 d2 0-1

[Event "WY Boys-U14"]
[Site "Porto Carras GRE"]
[Date "2010.10.24"]
[Round "6.18"]
[White "Petrov, Nikita"]
[Black "Berbatov, Kiprian"]
[Result "0-1"]
[BlackTitle "IM"]
[WhiteElo "2098"]
[BlackElo "2461"]
[WhiteFideId "4101286"]
[BlackFideId "2910446"]
[EventDate "2010.10.20"]

1. e4 c5 2. Nf3 d6 3. d4 cxd4 4. Nxd4 Nf6 5. Nc3 a6 6. Be3 e6 7. f3 b5 8. Qd2
Nbd7 9. g4 h6 10. O-O-O b4 11. Na4 Ne5 12. b3 Bd7 13. Nb2 d5 14. exd5 Nxd5 15.
Nc4 Nxc4 16. Bxc4 Nc3 17. Rde1 Nxa2+ 18. Kb2 Qa5 19. Ne2 Bb5 20. Ra1 Bxc4 21.
Rxa2 Qe5+ 22. Nd4 Bd5 23. Bf4 Qf6 24. g5 hxg5 25. Bxg5 Qe5 26. Re1 Qxh2 27. Re2
Qc7 28. Nf5 Qc3+ 29. Qxc3 bxc3+ 30. Kxc3 Rh5 31. Ra5 Bxf3 32. Rd2 Rxg5 33. Nd6+
Bxd6 34. Rxg5 Bf4 0-1

[Event "WY Boys-U14"]
[Site "Porto Carras GRE"]
[Date "2010.10.26"]
[Round "7.2"]
[White "Girish, A. Koushik"]
[Black "Nasuta, Grzegorz"]
[Result "1-0"]
[WhiteTitle "FM"]
[WhiteElo "2342"]
[BlackElo "2130"]
[WhiteFideId "5038448"]
[BlackFideId "1141686"]
[EventDate "2010.10.20"]

1. Nf3 Nf6 2. g3 g6 3. Bg2 Bg7 4. O-O O-O 5. d4 d5 6. Ne5 Bf5 7. c4 Be4 8. f3
Bxb1 9. Rxb1 c5 10. dxc5 Qc7 11. f4 Qxc5+ 12. e3 Na6 13. Qb3 Nb4 14. Bd2 Nc6 15.
cxd5 Nxe5 16. Bb4 Qc7 17. Rbc1 Qb8 18. Bxe7 Ned7 19. d6 Nb6 20. Rc7 Nfd7 21. a4
Re8 22. a5 Rxe7 23. axb6 axb6 24. Rfc1 Nc5 25. R1xc5 Re6 26. Rc1 Qf8 27. Bd5
Qxd6 28. Bxe6 fxe6 29. Rxb7 Rd8 30. Rxb6 Qd2 31. Qxe6+ Kh8 32. Rbc6 Bxb2 33. Rc8
Rxc8 34. Rxc8+ Kg7 35. Rg8+ 1-0

[Event "WY Boys-U14"]
[Site "Porto Carras GRE"]
[Date "2010.10.26"]
[Round "7.4"]
[White "Vaibhav, Suri"]
[Black "Javanbakht, Nima"]
[Result "1/2-1/2"]
[WhiteTitle "IM"]
[WhiteElo "2418"]
[BlackElo "2204"]
[WhiteFideId "5045185"]
[BlackFideId "12510670"]
[EventDate "2010.10.20"]

1. e4 c5 2. Nf3 Nc6 3. d4 cxd4 4. Nxd4 Nf6 5. Nc3 e5 6. Ndb5 d6 7. Bg5 a6 8. Na3
b5 9. Nd5 Be7 10. Bxf6 Bxf6 11. c4 b4 12. Nc2 a5 13. Be2 Bg5 14. O-O O-O 15. Qd3
Be6 16. Rad1 Qb8 17. b3 Ra7 18. h3 Rd7 19. Bf3 Qa7 20. Qe2 Kh8 21. Rd3 Bd8 22.
Bg4 g6 23. Qd2 Kg7 24. Nde3 f5 25. Bf3 f4 26. Nd1 Bc7 27. Nb2 h5 28. Na4 Rdd8
29. Rd1 Rh8 30. Qe2 Bb8 31. a3 Qe7 32. axb4 axb4 33. Ne1 Qf7 34. Qc2 g5 35. Be2
g4 36. Bf1 gxh3 37. gxh3 Rhg8 38. Nf3 Qg6+ 39. Kh2 Kh6 40. Qe2 Nd4 41. Rxd4 exd4
42. Nb2 Rde8 43. Nd3 Bc8 44. Nde1 Rxe4 45. Qd2 d5 46. cxd5 Bf5 47. Rc1 Bd7 48.
Ng2 Re3 49. Ngh4 Qe4 50. Qxd4 Qxd4 51. Nxd4 Re5 52. Bc4 Bd6 53. Nhf3 Re4 54. Ne6
Re8 55. Neg5 R4e7 56. Ne6 Bxe6 57. dxe6 Rg8 58. Rd1 Bc5 59. Rd2 Reg7 60. Nh4 Kg5
61. Nf3+ Kf6 62. Kh1 Ra8 63. Kh2 Ra1 64. h4 Rg4 65. Rd7 Rg7 66. Rd2 Rga7 67. Ng5
Be7 68. Rd5 R7a2 69. Kg2 Ra5 70. Rd7 Ra7 71. Rd4 Kf5 72. Rd5+ Kf6 73. Nh3 f3+
74. Kxf3 Rc1 75. Nf4 Ra3 76. Kg2 Raa1 77. Bd3 Rc5 78. Rd7 Raa5 79. Bc4 Kf5 80.
Rxe7 Kxf4 81. Rf7+ Rf5 82. Rb7 Rfe5 83. e7 Ra1 84. Bf7 Rae1 85. Rxb4+ Kf5 86.
e8=Q Rxe8 87. Bxe8 Rxe8 88. Kf3 Re1 89. Rb5+ Kg6 90. Rg5+ Kh6 91. Rd5 Rh1 92.
Kg3 Rg1+ 93. Kf3 Rh1 94. Rd6+ Kg7 95. Rd4 Rh3+ 96. Kf4 Rxb3 97. Rd5 Kg6 98. Rd6+
Kg7 99. Re6 Rb2 100. f3 Rg2 1/2-1/2